K rozdielom vo výkonnosti slovenskej a českej ekonomiky v prvom roku transformačného procesu.

Základné charakteristiky vo vývoji slovenskej a českej ekonomiky. Vplyv zrušenia diferenciálnych príplatkov (dotujúcich vyššiu nákladovosť pri hospodárení v horších prírodných podmienkach) na slovenské poľnohospodárstvo a potravinárstvo. Rozdiely v materiálnej náročnosti a v pomere medzi rastom výno...

Descrizione completa

Salvato in:
Dettagli Bibliografici
Autore principale: Gabrielová, Herta
Natura: Capitolo di libro
Lingua:slovacco
Soggetti:
Tags: Aggiungi Tag
Nessun Tag, puoi essere il primo ad aggiungerne!!

MARC

LEADER 00000naa a2200000 4500
001 r009644
005 20220831090043.4
041 0 |a slo 
044 |a [CS] 
245 1 0 |a K rozdielom vo výkonnosti slovenskej a českej ekonomiky v prvom roku transformačného procesu.  |c Herta Gabrielová 
520 |a Základné charakteristiky vo vývoji slovenskej a českej ekonomiky. Vplyv zrušenia diferenciálnych príplatkov (dotujúcich vyššiu nákladovosť pri hospodárení v horších prírodných podmienkach) na slovenské poľnohospodárstvo a potravinárstvo. Rozdiely v materiálnej náročnosti a v pomere medzi rastom výnosov a nákladov oboch republík. 
610 2 0 |a vývoj hospodársky 
610 2 0 |a ukazovatele ekonomické 
610 2 0 |a ČSFR 
610 2 0 |a Čechy 
610 2 0 |a Slovensko 
610 2 0 |a 1991 
610 2 0 |a transformácia 
610 2 0 |a výnosy podnikové 
610 2 0 |a náklady výrobné 
610 2 0 |a priemysel 
610 2 0 |a potravinárstvo 
610 2 0 |a poľnohospodárstvo 
610 2 0 |a náročnosť výroby materiálová 
610 2 0 |a porovnanie štatistické 
100 1 |a Gabrielová, Herta